Introductory quantum mechanics / (Record no. 180633)

000 -LEADER
fixed length control field 00890 a2200217 4500
003 - CONTROL NUMBER IDENTIFIER
control field Nust
005 - DATE AND TIME OF LATEST TRANSACTION
control field 20230711085249.0
010 ## - LIBRARY OF CONGRESS CONTROL NUMBER
LC control number 2002511525
040 ## - CATALOGING SOURCE
Transcribing agency Nust
082 04 - DEWEY DECIMAL CLASSIFICATION NUMBER
Classification number 530.1,LIB
100 1# - MAIN ENTRY--PERSONAL NAME
Personal name Liboff, Richard L.,
9 (RLIN) 63830
245 10 - TITLE STATEMENT
Title Introductory quantum mechanics /
Statement of responsibility, etc. Richard L. Liboff.
246 30 - VARYING FORM OF TITLE
Title proper/short title Quantum mechanics
250 ## - EDITION STATEMENT
Edition statement 4th ed.
260 ## - PUBLICATION, DISTRIBUTION, ETC.
Place of publication, distribution, etc. San Francisco :
Name of publisher, distributor, etc. Addison-Wesley,
Date of publication, distribution, etc. c2003.
300 ## - PHYSICAL DESCRIPTION
Extent xvii, 878 p. :
Other physical details ill. ;
Dimensions 25 cm.
505 ## - FORMATTED CONTENTS NOTE
Formatted contents note Elementary Principles and Applications to Problems in One Dimension (Page-1), Further Development of the Theory and Applications to Problems in Three Dimensions (Page-361), Additional Remarks on the [actual symbol not reproducible] Representations (Page-847).
650 #0 - SUBJECT ADDED ENTRY--TOPICAL TERM
Topical term or geographic name entry element Quantum theory.
9 (RLIN) 177
856 41 - ELECTRONIC LOCATION AND ACCESS
Materials specified Table of contents
Uniform Resource Identifier <a href="http://www.loc.gov/catdir/toc/fy034/2002511525.html">http://www.loc.gov/catdir/toc/fy034/2002511525.html</a>
942 ## - ADDED ENTRY ELEMENTS (KOHA)
Source of classification or shelving scheme
Koha item type Book
Call number prefix 530.1,LIB
Holdings
Withdrawn status Lost status Source of classification or shelving scheme Damaged status Not for loan Permanent Location Current Location Shelving location Date acquired Full call number Barcode Date last seen Price effective from Koha item type Public note Total Checkouts Date last checked out
          Military College of Signals (MCS) Military College of Signals (MCS) General Stacks 12/12/2016 530.1,LIB MCS33884 12/08/2016 12/12/2016 Book Almirah No.77, Shelf No.2    
          Military College of Signals (MCS) Military College of Signals (MCS) General Stacks 12/12/2016 530.1,LIB MCS33885 01/06/2025 12/12/2016 Book Almirah No.15 Shelf No.6 1 12/27/2024
          Military College of Signals (MCS) Military College of Signals (MCS) General Stacks 12/12/2016 530.1,LIB MCS33886 12/08/2016 12/12/2016 Book Almirah No.77, Shelf No.2    
          Military College of Signals (MCS) Military College of Signals (MCS) General Stacks 12/12/2016 530.1,LIB MCS33887 12/08/2016 12/12/2016 Book Almirah No.15 Shelf No.6    
© 2023 Central Library, National University of Sciences and Technology. All Rights Reserved.